« Retourner aux résultats de recherche
Joker : folie à deux
| Auteur principal: | Todd Phillips |
|---|---|
| D'autres auteurs: | Bob Kane Paul Dini Bill Finger Bruce Timm Jerry Robinson Scott Silver Hildur Guónadóttir Joaquin Phoenix Lady Gaga Brendan Gleeson Catherine Keener Zazie Beetz Ken Leung |
| Support: | DVD |
| Langue: | Allemand |
| Publié: |
2025 Warner Bros. Etats-Unis |
| Genre: |
Film |
| Sujets: | |
| Étiquettes: |
Ajouter
Pas de Tags !
|
| LEADER | 01639ngm0a2200349 450 | ||
|---|---|---|---|
| 001 | 16847714 | ||
| 100 | |a 20250114d2025 u u0frey01 ba | ||
| 101 | 1 | |a ger |c eng | |
| 102 | |a US | ||
| 200 | 0 | |a Joker : folie à deux |f Todd Phillips, réal. |g Bob Kane, Paul Dini, Bill Finger, Bruce Timm, Jerry Robinson, adapt. - Hildur Guónadóttir, comp. - Scott Silver, Todd Phillips, scénario - Joaquin Phoenix, Lady Gaga, Brendan Gleeson, Catherine Keener, Zazie Beetz, Ken Leung, ... [et al.] act. | |
| 207 | 1 | |a | |
| 210 | |a Etats-Unis |c Warner Bros. |d 2025 | ||
| 215 | |a 1 DVD vidéo monoface zone 2 (2 h 12 min) |c 1.90:1, 16/9, coul., (PAL), Son. (Dolby Digital 5.1; anglais; français; allemand | ||
| 300 | |a Langues principales : allemand, anglais, français, italien; Sous-titres : allemand, français, italien, néerlandais | ||
| 330 | |a A quelques jours de son procès pour les crimes commis sous les traits du Joker, Arthur Fleck rencontre le grand amour et se trouve entraîné dans une folie à deux. | ||
| 700 | 0 | |a Phillips |b Todd |4 370 | |
| 702 | 0 | |a Kane |b Bob |4 100 | |
| 702 | 0 | |a Dini |b Paul |4 100 | |
| 702 | 0 | |a Finger |b Bill |4 100 | |
| 702 | 0 | |a Timm |b Bruce |4 100 | |
| 702 | 0 | |a Robinson |b Jerry |4 100 | |
| 702 | 0 | |a Silver |b Scott |4 690 | |
| 702 | 0 | |a Guónadóttir |b Hildur |4 230 | |
| 702 | 0 | |a Phoenix |b Joaquin |4 5 | |
| 702 | 0 | |a Lady Gaga |f 1986-.... |4 5 | |
| 702 | 0 | |a Gleeson |b Brendan |4 5 | |
| 702 | 0 | |a Keener |b Catherine |4 5 | |
| 702 | 0 | |a Beetz |b Zazie |4 5 | |
| 702 | 0 | |a Leung |b Ken |4 5 | |
| 900 | |a Film | ||
| 901 | |a Accessible au prêt | ||
| 995 | |a Bibliothèque |c Bibliothèque |f 00156010548907 |h 00156010548907 |k F PHI |o p |q a |r gd |e Bibliothèque | ||
